000 00730nam a22002412a 4500
001 21474
003 BD-RjUL
005 20211209000706.0
008 140304s1951 enk 000 0 eng d
035 _aOCLC ocm07571222 from D950315M
_a(BD-RjUL)21538
040 _aDLC
_cTXU
_dUKM
_dBD-RjUL
_beng
041 _aeng
082 _a820.82
_bBOO 1951
245 1 2 _aA book of modern prose /
_cSelected by Margaret Flower
260 _aLondon :
_bCassell,
_c1951.
300 _axii, 290 p. :
_billus. ;
_c18 cm
650 0 _aEnglish prose literature
_y20th century
_966334
700 _a Flower, Margaret
_966335
830 0 _aHarrap's English classics
_966338
942 _2ddc
_cBK
999 _c21474
_d21474